Normal view
MARC view
- Christmas stories, English
Entry Topical Term
001 - CONTROL NUMBER
- control field: 98635
003 - CONTROL NUMBER IDENTIFIER
- control field: NUST
005 - DATE AND TIME OF LATEST TRANSACTION
- control field: 20220829160402.0
008 - FIXED-LENGTH DATA ELEMENTS
- fixed length control field: 220829|| aca||aabn | a|a d
040 ## - CATALOGING SOURCE
- Original cataloging agency: NUST
- Transcribing agency: NUST
150 ## - HEADING--TOPICAL TERM
- Topical term or geographic name entry element: Christmas stories, English
670 ## - SOURCE DATA FOUND
- Source citation: Work cat.: (NUST)174574: Dickens, Charles, 1812-1870. 12180, A Dickens Christmas collection /, 1995.
